| 000 | 01074nam0a2200289 4500 | ||
|---|---|---|---|
| 001 | RU\NLR\bibl\1214693 | ||
| 005 | 20250615105659.0 | ||
| 010 |
_a978-5-85383-407-1 _93000 |
||
| 021 |
_aRU _b2008-13820 _9750 |
||
| 035 | _a(NLR Aleph) 001201091 | ||
| 090 |
_a1775184 _c1775184 |
||
| 100 | _a20080414d2008 |||y0rusy50 ca | ||
| 101 | 0 | _arus | |
| 102 | _aRU | ||
| 105 | _aa ||||||||| | ||
| 200 | 1 |
_aОшейник вишневой судьбы _eтем, у кого нет собаки, тем, кто ее хотел завести, тем, кто имеет счастье ее присутствия _fСергей Перевалов _g[худож. С. Парфенюк] |
|
| 210 |
_aЕкатеринбург _cУральский рабочий _d2008 |
||
| 215 |
_a256 с. _cцв. ил. _d17 |
||
| 686 | _aШ6(2=Р)75-4404 | ||
| 700 | 1 |
_aПеревалов _bС. _gСергей _4070 |
|
| 702 | 1 |
_aПарфенюк _bС. _4040 |
|
| 801 | 0 |
_aRU _bNLR _c20080414 _gRCR |
|
| 801 | 1 |
_aRU _bNLR _c20080414 |
|
| 942 | _cBOOK | ||
| 980 | _aNB | ||